[Event "Zt"]
[Site "masterchessopen.com Tagaytay City (Philippines)"]
[Date "2011.05.26"]
[Round "4"]
[White "Paragua Mark (PHI)"]
[Black "Nguyen Anh Dung (VIE)"]
[Result "1/2-1/2"]
[WhiteElo "2533"]
[BlackElo "2479"]

1.d4 Nf6 2.c4 e6 3.g3 d5 4.Nf3 dxc4 5.Bg2 c5 6.O-O Nc6 7.Qa4 Bd7 8.Qxc4 b5
9.Qd3 Rc8 10.dxc5 Bxc5 11.a3 O-O 12.b4 Be7 13.Bb2 a5 14.Nc3 axb4 15.Nxb5 bxa3
16.Bxa3 Nb4 17.Bxb4 Bxb4 18.Ne5 Rc5 19.Nxd7 Qxd7 20.Qxd7 Nxd7 {#d} 1/2-1/2

[Event "It (cat.10)"]
[Site "masterchessopen.com Condom (France)"]
[Round "4"]
[White "Cossin Sebastien (FRA)"]
[Black "Grigore George-Gabriel (ROM)"]
[Result "1/2-1/2"]
[WhiteElo "2514"]
[BlackElo "2476"]

1.d4 d5 2.c4 e6 3.Nf3 Nf6 4.g3 dxc4 5.Bg2 c5 6.O-O Nc6 7.Ne5 Nxe5 8.dxe5 Qxd1
9.Rxd1 Nd5 10.Na3 c3 11.Nb5 Bd7 12.Nxc3 Nxc3 13.bxc3 Rb8 14.c4 Kd8 15.Rd3 Kc7
16.Rb1 b6 17.Bg5 h6 18.Rbd1 Ba4 19.Bd8+ Rxd8 20.Rxd8 Bxd1 21.Rxd1 Be7 {#d}
1/2-1/2

[Event "Ch Montenegro (team) (1 liga)"]
[Site "masterchessopen.com Tivat (Montenegro)"]
[Date "2011.10.09"]
[Round "2"]
[White "Tadic Branko (SRB)"]
[Black "Kosic Dragan (MNE)"]
[Result "1/2-1/2"]
[WhiteElo "2486"]
[BlackElo "2495"]

1.d4 Nf6 2.Nf3 e6 3.g3 d5 4.c4 dxc4 5.Bg2 c5 6.Qa4+ Nc6 7.O-O Bd7 8.Qxc4 Qb6
9.dxc5 Qxc5 10.Nbd2 Rc8 11.Qxc5 Bxc5 12.a3 {#d} 1/2-1/2

[Event "Ch China (team)"]
[Site "masterchessopen.com Qingdao (China)"]
[Date "2011.10.27"]
[Round "14"]
[White "Li Chao (CHN)"]
[Black "Wang Rui (CHN)"]
[Result "1-0"]
[WhiteElo "2710"]
[BlackElo "2432"]

1.d4 Nf6 2.c4 e6 3.g3 d5 4.Bg2 dxc4 5.Nf3 c5 6.O-O Nc6 7.Ne5 Bd7 8.Na3 Rc8
9.Naxc4 cxd4 10.Bf4 b5 11.Nxc6 Bxc6 12.Bxc6+ Rxc6 13.Ne5 Rc5 14.Rc1 Nh5 15.Qb3
a6 16.Rxc5 Bxc5 17.Qf3 Qd5 18.Qxh5 O-O 19.Qf3 {#r} 1-0

[Event "Tournament (Elo) \"]
[Site "masterchessopen.com Warsaw (Poland)"]
[Date "2012.05.08"]
[Round "5"]
[White "Jarmula Lukasz"]
[Black "Goslawski Michal (POL)"]
[Result "1/2-1/2"]
[WhiteElo "2013"]
[BlackElo "2067"]

1.d4 Nf6 2.c4 e6 3.g3 d5 4.Bg2 dxc4 5.Nf3 c5 6.O-O Nc6 7.dxc5 Qxd1 8.Rxd1 Bxc5
9.Nbd2 c3 10.bxc3 O-O 11.Nb3 Be7 12.Nfd4 Bd7 13.Nxc6 Bxc6 14.Bxc6 bxc6 15.c4
Ne4 16.Bb2 Rab8 17.Bd4 Bf6 18.Bxa7 Rb4 19.Bd4 {#d} 1/2-1/2

[Event "Tournament (qual-olympiad) (w)"]
[Site "masterchessopen.com El Bagre (Colombia)"]
[Date "2012.06.07"]
[Round "8"]
[White "Franco Beatriz (COL)"]
[Black "Rodriguez Rueda Paula Andrea (COL)"]
[Result "1/2-1/2"]
[WhiteElo "2213"]
[BlackElo "2219"]

1.d4 Nf6 2.c4 e6 3.g3 d5 4.Nf3 c5 5.Bg2 dxc4 6.O-O Nc6 7.dxc5 Qxd1 8.Rxd1 Bxc5
9.Nbd2 Ng4 10.Ne4 Be7 11.h3 Nge5 12.Nxe5 Nxe5 13.Bf4 Nc6 14.Bd6 e5 15.Bxe7
Kxe7 16.Nd6 Nd4 17.Nxc4 f6 18.e3 Nc6 {#d} 1/2-1/2

[Event "Memorial K.Asrian (open)"]
[Site "masterchessopen.com Jermuk (Armenia)"]
[Date "2012.06.21"]
[Round "6"]
[White "Aghasaryan Robert (ARM)"]
[Black "Guramishvili Sopiko (GEO)"]
[Result "1/2-1/2"]
[WhiteElo "2339"]
[BlackElo "2408"]

1.d4 Nf6 2.c4 e6 3.g3 d5 4.Nf3 dxc4 5.Bg2 c5 6.O-O Nc6 7.dxc5 Qxd1 8.Rxd1 Bxc5
9.Nbd2 c3 10.bxc3 O-O 11.Nb3 Be7 12.Nfd4 Bd7 13.Nxc6 Bxc6 14.Bxc6 bxc6 15.c4
Ne4 16.Bb2 Rfb8 17.Rab1 Bb4 {#d} 1/2-1/2

[Event "It (open)"]
[Site "masterchessopen.com Liberec (Czech Republic)"]
[Date "2012.07.25"]
[Round "6"]
[White "Jina Jiri (CZE)"]
[Black "Suchomel Ales (CZE)"]
[Result "1-0"]
[WhiteElo "2125"]
[BlackElo "2044"]

1.Nf3 Nf6 2.d4 e6 3.g3 d5 4.Bg2 c5 5.c4 dxc4 6.O-O Nc6 7.Ne5 Nxe5 8.dxe5 Qxd1
9.Rxd1 Nd7 10.f4 Rb8 11.a4 a5 12.Na3 Nb6 13.Bd2 Nxa4 14.Nxc4 b5 15.Bxa5 Bd7
16.Rxd7 Kxd7 17.Rd1+ Bd6 18.Nxd6 Ke7 19.b3 Nb6 20.Bb7 Nd7 21.Bc7 {#r} 1-0

[Event "Ch Russia (students)"]
[Site "masterchessopen.com Uljanovsk (Russia)"]
[Date "2012.09.19"]
[Round "3"]
[White "Sharafiev Azat (RUS)"]
[Black "Bukavshin Ivan (RUS)"]
[Result "1/2-1/2"]
[WhiteElo "2423"]
[BlackElo "2494"]

1.d4 Nf6 2.c4 e6 3.g3 d5 4.Nf3 dxc4 5.Bg2 c5 6.O-O Nc6 7.dxc5 Qxd1 8.Rxd1 Bxc5
9.Nbd2 Ng4 10.Ne4 Be7 11.Ned2 Bc5 12.Ne4 Be7 13.Ned2 Bc5 {#d} 1/2-1/2